00750nam a2200193 a 4500008004100000020001500041050001500056100002900071245002600100246003200126260004800158300002200206350000900228650003900237650002300276995011000299999001700409952013000426120416s2000 ||||||||||||||||| || u a052166649X aQD 461 Gil aGil, Victor M. S., 1939-10aOrbitals in chemistry aa modern guide for students aCambridgebCambridge University Pressc2000 axii, 314p. : ill. a0.00 0aCHEMISTRY--HANDBOOKS, MANUALS, ETC aMOLECULAR ORBITALS D0.00FCBU-MAIN LIBRARY (Kitwe)H1I19.75M1UAVAILABLEWMay 18, 2006ZMain Library Open Access Collection c52762d52762 00102lcc4070a001b001cMain Library Open Access Collectiond2022-11-30l0oQD 461 Gilp38251r2022-11-30w2022-11-30y002